00470nam a2200145 i 450000100060000000300090000600500170001500700030003200800410003510000250007624500890010126000370019050000720022785200250029949107ES-MaACL20230906161903.0t|030708s1915 ag ||||1| spa d1 aCorrea Luna, Carlos.13aLa iniciación revolucionaria b: el caso del Doctor Agrelo / cCarlos Correa Luna. aBuenos Aires : b[s.n.], c1915. aEs separata de: Revista de la Universidad de Buenos Aires. T. XXXI. aES-MaACLj1590-F-21